00295nam a2200121Ia 4500008004100000082001800041100001500059245004400074250000800118260003100126300000800157650000800165191201s2010 xx 000 0 und d a331.0954bSII aSINGH, B D 0aIndustrial Relations Emerging Paradigms a1st aN.DelhibExcel Booksc2010 a553 aMBA